|
|
|
|
| LEADER |
02621nam a2200613 a 4500 |
| 001 |
nkc20091998110 |
| 003 |
CZ PrNK |
| 005 |
20091126121535.0 |
| 007 |
ta |
| 008 |
091006s2009 xr ab e f 000 0 cze |
| 015 |
|
|
|a cnb001998110
|
| 020 |
|
|
|a 978-80-903514-7-9
|q (brož.)
|
| 035 |
|
|
|a (OCoLC)465289445
|
| 040 |
|
|
|a BOA001
|b cze
|d ABA001
|
| 043 |
|
|
|a e-xr---
|b e-xr-cc
|2 czenas
|
| 072 |
|
7 |
|a 913(437)
|x Geografie Česka a Slovenska, reálie, cestování
|2 Konspekt
|9 7
|
| 080 |
|
|
|a 551.435.4:552.513
|2 MRF
|
| 080 |
|
|
|a 913:338.483.1
|2 MRF
|
| 080 |
|
|
|a 502.2
|2 MRF
|
| 080 |
|
|
|a 908(437.313)
|2 MRF
|
| 080 |
|
|
|a (437.313)
|2 MRF
|
| 080 |
|
|
|a (437.31-17)
|2 MRF
|
| 080 |
|
|
|a (234.573)
|2 MRF
|
| 080 |
|
|
|a (036)
|2 MRF
|
| 100 |
1 |
|
|a Imlauf, Lubomír,
|d 1959-
|7 jo2005274103
|4 pht
|
| 245 |
1 |
0 |
|a Skalní města Broumovska /
|c [fotografie Lubomír Imlauf ; texty Petr Suchánek]
|
| 250 |
|
|
|a Vyd. 1.
|
| 260 |
|
|
|a Nové Město nad Metují :
|b Fotoateliér Imlauf,
|c 2009
|
| 300 |
|
|
|a 80 s. :
|b il. (převážně barev.), mapy ;
|c 24 cm
|
| 500 |
|
|
|a Obálkové podnázvy: příroda : Adršpašské skály, Teplické skály, Jiráskovy skály, Ostaš, Broumovské stěny, Stolové hory v Kladsku
|
| 650 |
0 |
7 |
|a pískovcové skály
|7 ph124871
|z Česko
|2 czenas
|
| 650 |
0 |
7 |
|a turistické zajímavosti
|7 ph126800
|z Česko
|2 czenas
|
| 650 |
0 |
9 |
|a sandstone rocks
|z Czechia
|2 eczenas
|
| 650 |
0 |
9 |
|a tourist sights
|z Czechia
|2 eczenas
|
| 655 |
|
7 |
|a informační publikace
|7 fd132454
|2 czenas
|
| 655 |
|
9 |
|a information publications
|2 eczenas
|
| 651 |
|
7 |
|a Adršpašsko-teplické skály (Česko)
|7 ge128636
|2 czenas
|
| 651 |
|
7 |
|a Broumov (Náchod, Česko : oblast)
|7 ge128415
|x přírodní poměry
|2 czenas
|
| 651 |
|
7 |
|a Broumov (Náchod, Česko : oblast)
|7 ge128415
|x vlastivěda
|2 czenas
|
| 651 |
|
7 |
|a Broumovské stěny (Česko)
|7 ge128416
|2 czenas
|
| 651 |
|
7 |
|a Jiráskovy skály (Česko)
|7 ge259509
|2 czenas
|
| 651 |
|
7 |
|a Ostaš (Broumovská vrchovina, Česko : hora)
|7 ge128536
|2 czenas
|
| 651 |
|
9 |
|a Adršpach-Teplice Rocks (Czechia)
|2 eczenas
|
| 651 |
|
9 |
|a Broumov Region (Náchod, Czechia)
|x description and travel
|2 eczenas
|
| 651 |
|
9 |
|a Broumov Region (Náchod, Czechia)
|x natural conditions
|2 eczenas
|
| 651 |
|
9 |
|a Broumovské stěny (Czechia)
|2 eczenas
|
| 651 |
|
9 |
|a Jiráskovy skály (Czechia)
|2 eczenas
|
| 651 |
|
9 |
|a Ostaš (Czechia)
|2 eczenas
|
| 700 |
1 |
|
|a Suchánek, Petr,
|d 1956-
|7 ola2003204927
|4 aut
|
| 910 |
2 |
|
|a BOA001
|b 2-1230.032
|
| 990 |
|
|
|a BK
|
| 995 |
|
|
|a 01
|
| 991 |
|
|
|b 200910
|c NOV
|j 913(437) IML
|
| 996 |
6 |
|
|b 2610393430
|c 2-1230.032
|l MZK
|r Sklad / do 1 hodiny
|n 7
|p p.v.
|w 000969313
|u 000010
|a 1
|e BOA001
|j MZK50
|s P
|